Faktory rozvoja cestovného ruchu po vzniku Slovenskej republiky
Rozvoj cestovného ruchu na Slovensku od r. 1993. Reálne výdavky na cestovný ruch. Cestovný ruch ako perspektívne odvetvie národného hospodárstva SR. Program podpory rozvoja cestovného ruchu a jeho novelizácia.
Salvato in:
| Autore principale: | |
|---|---|
| Natura: | Capitolo di libro |
| Lingua: | slovacco |
| Soggetti: | |
| Tags: |
Nessun Tag, puoi essere il primo ad aggiungerne!!
|
MARC
| LEADER | 00000naa a2200000 4500 | ||
|---|---|---|---|
| 001 | r025672 | ||
| 005 | 20230825100548.0 | ||
| 041 | 0 | |a slo | |
| 044 | |a SK | ||
| 245 | 1 | 0 | |a Faktory rozvoja cestovného ruchu po vzniku Slovenskej republiky |c Róbert Hradský |
| 520 | |a Rozvoj cestovného ruchu na Slovensku od r. 1993. Reálne výdavky na cestovný ruch. Cestovný ruch ako perspektívne odvetvie národného hospodárstva SR. Program podpory rozvoja cestovného ruchu a jeho novelizácia. | ||
| 610 | 2 | 0 | |a ruch cestovný |
| 610 | 2 | 0 | |a Slovensko |
| 610 | 2 | 0 | |a 1993-1996 |
| 610 | 2 | 0 | |a zariadenia ubytovacie |
| 610 | 2 | 0 | |a zariadenia stravovacie |
| 610 | 2 | 0 | |a služby |
| 610 | 2 | 0 | |a legislatíva |
| 610 | 2 | 0 | |a dane z hodnoty pridanej |
| 610 | 2 | 0 | |a miera úroková |
| 100 | 1 | |a Hradský, Róbert | |